| 000 | 00607nam a2200265Ia 4500 | ||
|---|---|---|---|
| 003 | OSt | ||
| 005 | 20220321161159.0 | ||
| 008 | 210210b1951 xxu||||| |||| 00| 0 eng d | ||
| 040 |
_aAL _c |
||
| 041 | _aeng | ||
| 082 | _a534/99 | ||
| 100 |
_aSEWELL (George H) _924631 |
||
| 245 | _aAmateur film making | ||
| 250 | _a2 | ||
| 260 |
_aLondon _bBlackie and Son Limited _c1951 |
||
| 300 | _a118 | ||
| 650 |
_amaking _924632 |
||
| 650 |
_afilm _924633 |
||
| 650 |
_aEd _924634 |
||
| 650 |
_aAmateur _924635 |
||
| 650 |
_a2 _924636 |
||
| 690 |
_aPhysics _924637 |
||
| 906 | _a008587 | ||
| 942 |
_2ddc _cBK |
||
| 999 |
_c126507 _d126507 |
||